000 01134naa a2200301 c 4500
001 50069
999 _c50069
_d50069
003 ES-MaCES
005 20171013121130.0
008 171013s2017 sp ||||| t||||||| ||spa d
040 _aES-MaCES
_bspa
_cES-MaCES
_dES-MaCES
100 1 _925798
_aVicente Palacio, María Arántzazu
245 1 0 _aCambios sociales y prestación económica de maternidad (Sobre la maternidad subrogada)
_cMaría Arántzazu Vicente Palacio
500 _aResumen
650 4 _929512
_amaternidad
650 4 _927040
_aprestaciones de maternidad
650 4 _927173
_aderechos de la mujer
650 4 _929243
_aembarazo
650 4 _928504
_afecundidad
650 4 _927286
_acambio social
650 4 _929855
_alegislación de seguridad social
650 4 _927165
_aderecho del trabajo
650 4 _928624
_ajurisprudencia
650 4 _929919
_atribunal supremo
653 1 0 _aMujer
773 0 _986493
_dMurcia Laborum 2014-
_o089390
_tRevista de Derecho de la Seguridad Social
_w(ES-MaCES)46201
_gn. 12 (3º trim. 2017) {55/1132 R. 089390} ;p. 123-141
902 _aART Artículo de revista
942 _2CES
_cAR
_h3.3.